Từ điển địa chí Bạc Liệu

Cuốn sách giới thiệu về nhân dân và con người Bạc Liêu, về một tỉnh phía Nam của Tổ quốc.

Sparad:
Bibliografiska uppgifter
Huvudupphovsman: Nguyễn, Quang Ân
Materialtyp: Bok
Språk:Undetermined
Publicerad: Hà Nội Chính trị Quốc gia Hà Nội 2010
Ämnen:
Taggar: Lägg till en tagg
Inga taggar, Lägg till första taggen!
Thư viện lưu trữ: Trung tâm Học liệu Trường Đại học Cần Thơ
LEADER 00844nam a2200217Ia 4500
001 CTU_169488
008 210402s9999 xx 000 0 und d
082 |a 915.979903 
082 |b Â121 
100 |a Nguyễn, Quang Ân 
245 0 |a Từ điển địa chí Bạc Liệu 
245 0 |c Nguyễn Quang Ân, Trương Minh Chiến ( đồng chủ biên ) 
260 |a Hà Nội 
260 |b Chính trị Quốc gia Hà Nội 
260 |c 2010 
520 |a Cuốn sách giới thiệu về nhân dân và con người Bạc Liêu, về một tỉnh phía Nam của Tổ quốc. 
650 |a Geography,Địa chí 
650 |x Dictionary,Từ điển 
650 |z Vietnam,Việt Nam 
904 |i Liên,QHieu 
980 |a Trung tâm Học liệu Trường Đại học Cần Thơ